Fußballspieler mit den meisten Bundesliga Siegen - Statistiken

Allgemein
  • Dieses Quiz wurde 175 mal gespielt
  • Das Durchschnittsergebnis liegt bei 8 aus 15
Antwortstatistiken
Spiele Siege Antwort % Korrekt
488 350 Thomas Müller
98%
427 232 Gerd Müller
97%
512 346 Manuel Neuer
90%
557 310 Oliver Kahn
76%
385 250 Phillipp Lahm
73%
384 274 Robert Lewandowski
68%
424 235 Franz Beckenbauer
57%
422 258 Mats Hummels
56%
464 249 Lothar Matthäus
54%
473 249 Josef „Sepp“ Maier
35%
490 248 Claudio Pizarro
24%
581 291 Manfred Kaltz
14%
552 232 Klaus Fichtel
10%
502 238 Stefan Reuter
7%
545 237 Mirko Votova
1%
Keine übereinstimmenden Quizze gefunden
Verteilung der Resultate
Anzahl Personen mit jedem Resultat
Perzentil nach korrekt beantworteten Fragen
Ihre Resultats-Entwicklung
Sie haben dieses Quiz noch nicht gespielt